(Why) is economic diplomacy a development issue?/
Salvato in:
| Autore principale: | |
|---|---|
| Natura: | Libro |
| Lingua: | English |
| Tags: |
Aggiungi Tag
Nessun Tag, puoi essere il primo ad aggiungerne!!
|
MARC
| LEADER | 00000nam a22000007a 4500 | ||
|---|---|---|---|
| 003 | cru CIDCACS/IIS | ||
| 005 | 20171208141646.0 | ||
| 007 | ta | ||
| 008 | 171208s2017 ne |||p|r|||||||| ||eng|d | ||
| 999 | |c 40720 |d 40720 | ||
| 040 | |c cru CIDCACS/IIS | ||
| 100 | 1 | |9 6221 |a Bergeijk, Peter van | |
| 245 | 1 | 1 | |a (Why) is economic diplomacy a development issue?/ |c Peter van Bergeijk |
| 300 | |a páginas 4-6: |b tabla, gráficos | ||
| 773 | 0 | |0 18173 |9 1685 |a International Institute of Social Studies |d Netherlands : International Institute of Social Studies |o 18859 |t Development Issues / |w ()46221 | |
| 942 | |2 ddc |c PP | ||
